000 00653nam a2200265Ia 4500
005 20260121173632.0
008 008 260114s9999 xx 000 0 eng d
020 _a9784431555490
037 _aEBOOK
040 _aCRL
040 _beng
040 _cCRL
041 _2eng
041 _aeng
084 _qCRL
100 _aYukihiro Ozaki Satoshi Kawata
_91103323
245 0 _aFar- and Deep-Ultraviolet Spectroscopy
260 _bSpringer
260 _bSpringer
260 _c2015
856 _uhttps://link.springer.com/openurl?genre=book&isbn=978-4-431-55549-0
942 _cEBOOK
999 _c1669068
_d1669068